[Event "RHP Coorespondance"]
[Date "2011.11.28"]
[EndDate "2011.11.29"]
[Round "?"]
[White "Tomasino, James"]
[Black "Emmons, Eric"]
[WhiteRating "1785"]
[BlackRating "1293"]
[WhiteElo "1785"]
[BlackElo "1293"]
[Result "1-0"]
[GameId "8881716"]

1. e4 c6 2. d4 d5 3. Nb1c3 dxe4 4. Nc3xe4 Bc8f5 5. Ne4g3 Bf5g6 6. Ng1f3 e6 7. Bf1e2 Bf8d6 8. Bc1e3 Ng8f6 9. c3 O-O 10. Be2d3 Nf6d5 11. Bd3xg6 Nd5xe3 12. fxe3 fxg6 13. Qd1b3 Qd8e7 14. Ng3e4 Rf8xf3 15. gxf3 Qe7h4 16. Ke1d2 Qh4e7 17. Ne4xd6 Qe7d8 18. Qb3xe6 Kg8f8 19. Qe6f7 1-0

[Event "RHP Coorespondance"]
[Date "2011.11.22"]
[EndDate "2011.11.30"]
[Round "?"]
[White "Steriti, Gabriele"]
[Black "Tomasino, James"]
[WhiteRating "1277"]
[BlackRating "1785"]
[WhiteElo "1277"]
[BlackElo "1785"]
[Result "0-1"]
[GameId "8868445"]

1. d4 Ng8f6 2. e3 e6 3. c3 Nb8c6 4. Nb1d2 d5 5. Ng1f3 g6 6. Bf1b5 Bf8g7 7. O-O O-O 8. c4 Nc6b4 9. Qd1b3 a5 10. a3 Nb4a6 11. Qb3a4 c6 12. Bb5xa6 Ra8xa6 13. cxd5 Nf6xd5 14. Nf3e5 b5 15. Qa4b3 a4 16. Qb3d3 Qd8a5 17. Nd2e4 f6 18. b4 axb3 19. Ne4d6 fxe5 20. e4 Nd5f4 21. Qd3f3 Qa5c7 22. Bc1xf4 exd4 23. Qf3xb3 Rf8xf4 24. g3 Rf4f8 25. Nd6xc8 Qc7xc8 26. Qb3d3 Qc8a8 27. Qd3xd4 Bg7xd4 28. Rf1d1 0-1

[Event "RHP Coorespondance"]
[Date "2011.11.18"]
[EndDate "2011.11.22"]
[Round "?"]
[White "Tomasino, James"]
[Black "Steriti, Gabriele"]
[WhiteRating "1785"]
[BlackRating "1277"]
[WhiteElo "1785"]
[BlackElo "1277"]
[Result "1-0"]
[GameId "8859554"]

1. e4 Ng8f6 2. e5 Nf6d5 3. c4 Nd5b6 4. Ng1f3 e6 5. d4 Bf8b4 6. Nb1c3 O-O 7. a3 Bb4a5 8. b4 Nb6xc4 9. Bf1xc4 Nb8a6 10. bxa5 d5 11. exd6 cxd6 12. O-O d5 13. Bc4d3 f6 14. Qd1c2 e5 15. Bd3xh7 Kg8h8 16. Nf3h4 exd4 17. Nc3e2 Qd8xa5 18. Ne2xd4 g5 19. Bc1b2 gxh4 20. Nd4f3 Bc8g4 21. Nf3g5 d4 22. f4 fxg5 23. Bb2xd4 Rf8f6 24. Bd4xf6 1-0

[Event "RHP Coorespondance"]
[Date "2011.11.16"]
[EndDate "2011.11.18"]
[Round "?"]
[White "Steriti, Gabriele"]
[Black "Tomasino, James"]
[WhiteRating "1277"]
[BlackRating "1785"]
[WhiteElo "1277"]
[BlackElo "1785"]
[Result "0-1"]
[GameId "8854658"]

1. e4 c5 2. c3 d6 3. d4 Bc8d7 4. b4 c4 5. Nb1a3 b5 6. Bf1e2 e6 7. f4 d5 8. Ng1f3 Ng8f6 9. Nf3e5 Nf6xe4 10. Ne5xf7 Ke8xf7 11. Be2h5 g6 12. f5 exf5 13. O-O Ne4xc3 14. Qd1g4 Qd8e7 15. Bc1b2 Qe7e3 16. Rf1f2 Kf7g7 17. Bb2c1 Qe3e1 18. Rf2f1 Qe1e7 19. Bc1d2 fxg4 20. Ra1e1 Qe7h4 21. Bd2xc3 Bf8d6 22. Re1e2 Bd6xh2 23. Kg1h1 Bh2g3 24. Kh1g1 Qh4h2 0-1

[Event "RHP Coorespondance"]
[Date "2011.11.15"]
[EndDate "2011.11.16"]
[Round "?"]
[White "Tomasino, James"]
[Black "Steriti, Gabriele"]
[WhiteRating "1785"]
[BlackRating "1277"]
[WhiteElo "1785"]
[BlackElo "1277"]
[Result "1-0"]
[GameId "8852246"]

1. e4 d5 2. exd5 e5 3. Nb1c3 h5 4. Bf1b5 Nb8d7 5. Ng1f3 e4 6. Nc3xe4 Qd8e7 7. d3 Qe7b4 8. Ne4c3 Ng8f6 9. a3 Qb4a5 10. b4 Bf8xb4 11. Qd1e2 Bb4e7 12. Bc1b2 Nf6xd5 13. O-O Nd5xc3 14. Bb2xc3 Qa5xb5 15. Bc3xg7 Rh8g8 16. Bg7h6 Qb5b2 17. Ra1e1 Qb2xa3 18. Bh6g5 a5 19. Bg5xe7 a4 20. Be7xa3 Ke8d8 21. Qe2e7 1-0

[Event "RHP Coorespondance"]
[Date "2011.11.14"]
[EndDate "2011.11.14"]
[Round "?"]
[White "Steriti, Gabriele"]
[Black "Tomasino, James"]
[WhiteRating "1277"]
[BlackRating "1785"]
[WhiteElo "1277"]
[BlackElo "1785"]
[Result "0-1"]
[GameId "8850961"]

1. e4 c5 2. Qd1h5 d6 3. e5 g6 4. Qh5g5 f6 5. exf6 exf6 6. Qg5e3 Bf8e7 7. Bf1b5 Nb8c6 8. Bb5a4 a6 9. d4 b5 10. Ba4b3 Nc6xd4 11. Qe3d2 Bc8b7 12. Ng1e2 Nd4f5 13. O-O Nf5h4 14. Bb3d5 Qd8d7 15. Ne2f4 Bb7xd5 16. Nf4xg6 Bd5xg2 17. Ng6xh8 Qd7g4 18. Nb1c3 Bg2f3 0-1

[Event "RHP Coorespondance"]
[Date "2011.11.14"]
[EndDate "2011.11.18"]
[Round "?"]
[White "Tomasino, James"]
[Black "Emmons, Eric"]
[WhiteRating "1785"]
[BlackRating "1293"]
[WhiteElo "1785"]
[BlackElo "1293"]
[Result "1-0"]
[GameId "8850936"]

1. e4 e5 2. Ng1f3 Nb8c6 3. Bf1c4 Ng8h6 4. c3 f5 5. d4 a6 6. exf5 b5 7. Bc4d5 Nh6xf5 8. dxe5 h6 9. e6 Nf5e7 10. Nf3d4 Ne7xd5 11. Qd1h5 Ke8e7 12. Qh5xd5 g6 13. Nb1d2 Bf8g7 14. Nd2f3 Rh8e8 15. Bc1f4 Ke7f8 16. O-O-O Qd8f6 17. Bf4xc7 b4 18. Bc7d6 Re8e7 19. Rh1e1 a5 20. exd7 g5 21. d8=Q Nc6xd8 22. Bd6xe7 Kf8e8 23. Be7xf6 Ke8f8 24. Qd5xd8 Kf8f7 25. Nf3e5 1-0

[Event "RHP Coorespondance"]
[Date "2011.11.11"]
[EndDate "2011.11.14"]
[Round "?"]
[White "Steriti, Gabriele"]
[Black "Tomasino, James"]
[WhiteRating "1277"]
[BlackRating "1785"]
[WhiteElo "1277"]
[BlackElo "1785"]
[Result "0-1"]
[GameId "8844085"]

1. d3 Ng8f6 2. e4 e5 3. f3 d5 4. g4 Nb8c6 5. Bf1h3 Bf8e7 6. g5 Nf6h5 7. Bh3xc8 Ra8xc8 8. c4 d4 9. f4 Nh5xf4 10. Ng1e2 Be7xg5 11. Nb1a3 Nc6b4 12. Qd1a4 Nb4c6 13. Na3b5 a6 14. Nb5xd4 exd4 15. Rh1f1 Nf4xd3 16. Ke1d1 O-O 17. h4 Bg5e3 18. Qa4b3 Nc6e5 19. Rf1f5 Qd8xh4 20. Kd1c2 Qh4xe4 21. Rf5f1 Nd3xc1 22. Kc2d1 Nc1xb3 23. axb3 Qe4d3 24. Kd1e1 Qd3d2 0-1

[Event "RHP Coorespondance"]
[Date "2011.11.08"]
[EndDate "2011.12.01"]
[Round "?"]
[White "McDonald, Stephen"]
[Black "Tomasino, James"]
[WhiteRating "1399"]
[BlackRating "1785"]
[WhiteElo "1399"]
[BlackElo "1785"]
[Result "0-1"]
[GameId "8836852"]

1. e4 c5 2. Ng1f3 d6 3. d4 Nb8c6 4. d5 Nc6e5 5. Bf1b5 Bc8d7 6. a4 a6 7. Bb5xd7 Qd8xd7 8. O-O Ng8f6 9. Nb1c3 Qd7g4 10. Nf3xe5 dxe5 11. Qd1xg4 Nf6xg4 12. h3 Ng4f6 13. a5 e6 14. dxe6 fxe6 15. Rf1d1 Bf8e7 16. Bc1e3 O-O 17. g4 c4 18. g5 Nf6h5 19. Rd1d7 Rf8f7 20. Ra1d1 Nh5f4 21. Be3b6 Nf4xh3 22. Kg1g2 Nh3xg5 23. Rd7d8 Be7xd8 24. Bb6xd8 Ng5f3 25. b3 Nf3e1 26. Kg2f1 Ne1xc2 27. bxc4 Nc2e3 28. Kf1e2 Ne3xd1 0-1

[Event "RHP Coorespondance"]
[Date "2011.11.08"]
[EndDate "2011.11.11"]
[Round "?"]
[White "Steriti, Gabriele"]
[Black "Tomasino, James"]
[WhiteRating "1277"]
[BlackRating "1785"]
[WhiteElo "1277"]
[BlackElo "1785"]
[Result "0-1"]
[GameId "8836851"]

1. d4 Ng8f6 2. Ng1f3 g6 3. b3 Bf8g7 4. Nb1c3 d6 5. Nf3h4 O-O 6. f3 Nb8d7 7. g4 e5 8. Nc3e4 b6 9. g5 Nf6xe4 10. fxe4 Bc8b7 11. dxe5 Nd7xe5 12. c4 Bb7xe4 13. Bf1g2 Be4xg2 14. Nh4xg2 Qd8d7 15. Rh1f1 Ne5g4 16. h3 Ng4h2 17. Rf1g1 Bg7xa1 18. Bc1f4 Ba1c3 19. Ke1f2 Qd7xh3 20. Qd1d5 Nh2g4 21. Kf2f1 Ra8e8 22. Qd5d3 Re8xe2 23. Qd3xh3 Re2f2 0-1

[Event "RHP Coorespondance"]
[Date "2011.11.07"]
[EndDate "2011.11.08"]
[Round "?"]
[White "Tomasino, James"]
[Black "Steriti, Gabriele"]
[WhiteRating "1785"]
[BlackRating "1277"]
[WhiteElo "1785"]
[BlackElo "1277"]
[Result "1-0"]
[GameId "8835183"]

1. e4 a5 2. d4 Nb8c6 3. Ng1f3 d6 4. Nb1c3 f5 5. Bf1b5 fxe4 6. Nc3xe4 Bc8f5 7. Ne4g5 h6 8. d5 hxg5 9. Nf3xg5 Qd8d7 10. Qd1f3 g6 11. dxc6 bxc6 12. Bb5xc6 Ng8f6 13. Bc6xd7 Ke8xd7 14. Qf3xa8 Bf8h6 15. Qa8a7 Bh6f8 16. Qa7a8 Bf8g7 17. Qa8xa5 Bf5xc2 18. Bc1e3 Bc2e4 19. Ra1c1 Be4xg2 20. Qa5xc7 Kd7e8 21. Qc7c8 1-0

[Event "RHP Coorespondance"]
[Date "2011.10.08"]
[EndDate "2011.11.06"]
[Round "?"]
[White "Tomasino, James"]
[Black "Rodrigues, Ivo"]
[WhiteRating "1785"]
[BlackRating "1599"]
[WhiteElo "1785"]
[BlackElo "1599"]
[Result "1-0"]
[GameId "8764043"]

1. e4 e6 2. d4 d5 3. Nb1d2 c5 4. Ng1f3 cxd4 5. exd5 Qd8xd5 6. Nd2c4 Bf8c5 7. Bf1d3 Ng8e7 8. O-O Bc8d7 9. Nc4e5 Nb8c6 10. Rf1e1 f6 11. Bd3c4 Qd5d6 12. Ne5xd7 Qd6xd7 13. Bc4xe6 Qd7c7 14. a3 Bc5d6 15. b4 Bd6e5 16. Nf3xe5 Nc6xe5 17. f4 Ne5c6 18. Qd1h5 Ke8d8 19. b5 Nc6b8 20. Bc1e3 g6 21. Qh5h6 Ne7g8 22. Qh6f8 1-0

[Event "Jersey Brigade 2009 Invitational"]
[Date "2011.07.28"]
[EndDate "2011.10.15"]
[Round "5"]
[White "Lemieux, Christopher"]
[Black "Tomasino, James"]
[WhiteRating "1530"]
[BlackRating "1785"]
[WhiteElo "1530"]
[BlackElo "1785"]
[Result "0-1"]
[GameId "8592857"]

1. e4 e5 2. Ng1f3 Nb8c6 3. d4 d5 4. Nb1c3 dxe4 5. Nf3xe5 Nc6xe5 6. dxe5 Qd8xd1 7. Nc3xd1 g6 8. Nd1c3 f5 9. exf6 Ng8xf6 10. Bf1c4 Bc8f5 11. Bc1g5 Bf8e7 12. Nc3b5 Ra8c8 13. Nb5xa7 Rc8d8 14. Na7b5 Rd8d7 15. Ra1d1 c6 16. Rd1xd7 Nf6xd7 17. Bg5xe7 Ke8xe7 18. O-O cxb5 19. Bc4xb5 Rh8c8 20. c3 Nd7c5 21. Rf1d1 Nc5d3 22. Rd1d2 Nd3c1 23. a3 Nc1b3 24. h3 Nb3xd2 0-1

[Event "Jersey Brigade 2009 Invitational"]
[Date "2011.07.28"]
[EndDate "2011.11.07"]
[Round "5"]
[White "Tomasino, James"]
[Black "Lemieux, Christopher"]
[WhiteRating "1785"]
[BlackRating "1530"]
[WhiteElo "1785"]
[BlackElo "1530"]
[Result "1-0"]
[GameId "8592856"]

1. e4 c5 2. Ng1f3 Nb8c6 3. d4 d6 4. d5 Nc6e5 5. c4 Ng8f6 6. Nb1c3 a6 7. h3 g6 8. a4 Bf8g7 9. Bf1e2 O-O 10. Nf3xe5 dxe5 11. Bc1e3 Qd8b6 12. Qd1c2 e6 13. a5 Qb6d6 14. Nc3a4 Ra8b8 15. Be3xc5 Qd6d8 16. Bc5xf8 Qd8xf8 17. O-O Bc8d7 18. Na4b6 Qf8e7 19. Rf1d1 Rb8d8 20. d6 Qe7e8 21. Nb6xd7 Qe8xd7 22. c5 Qd7c6 23. b4 Nf6xe4 24. Be2f3 f5 25. Qc2b3 Kg8f7 26. Qb3e3 Rd8d7 27. Bf3xe4 fxe4 28. Rd1e1 Kf7g8 29. Qe3xe4 Qc6xe4 30. Re1xe4 h5 31. Ra1a3 Rd7f7 32. Ra3g3 Bg7h6 33. Rg3xg6 Kg8h7 34. Rg6xe6 Rf7f5 35. d7 Bh6g5 36. g3 h4 37. gxh4 Bg5xh4 38. Re4xh4 Kh7g7 39. d8=Q Rf5g5 40. Qd8xg5 Kg7f7 41. Qg5g6 Kf7f8 42. Rh4h8 1-0

[Event "Clan RHP Coorespondance"]
[Date "2011.06.29"]
[EndDate "2011.08.15"]
[Round "?"]
[White "batjuchin"]
[Black "Tomasino, James"]
[WhiteRating "1548"]
[BlackRating "1785"]
[WhiteElo "1548"]
[BlackElo "1785"]
[Result "0-1"]
[GameId "8528335"]

1. d4 Ng8f6 2. Ng1f3 d6 3. Nb1c3 g6 4. e4 Nb8d7 5. Bf1c4 Bf8g7 6. O-O O-O 7. Rf1e1 e5 8. dxe5 dxe5 9. Bc1g5 b6 10. Qd1e2 c6 11. Ra1d1 Qd8e7 12. a3 b5 13. Bc4b3 h6 14. Bg5xf6 Nd7xf6 15. h3 a5 16. Rd1d2 a4 17. Bb3a2 Ra8a7 18. Re1d1 Ra7d7 19. Rd2xd7 Bc8xd7 20. Rd1d2 Rf8d8 21. Nc3d1 h5 22. c3 Bg7h6 23. Rd2d3 c5 24. c4 b4 25. axb4 cxb4 26. b3 a3 27. Nf3h2 Kg8g7 28. f3 h4 29. Nh2g4 Nf6h5 30. Qe2f2 Bh6f4 31. Nd1e3 Bd7xg4 32. Rd3xd8 Qe7xd8 33. hxg4 Qd8d3 34. Ne3f1 Nh5g3 35. Qf2e1 Ng3xf1 36. Qe1xf1 Bf4e3 37. Kg1h1 Qd3xf1 0-1

[Event "Clan RHP Coorespondance"]
[Date "2011.06.29"]
[EndDate "2011.07.28"]
[Round "?"]
[White "Tomasino, James"]
[Black "batjuchin"]
[WhiteRating "1785"]
[BlackRating "1548"]
[WhiteElo "1785"]
[BlackElo "1548"]
[Result "1-0"]
[GameId "8528334"]

1. e4 e5 2. Ng1f3 Nb8c6 3. d4 exd4 4. Nf3xd4 Nc6xd4 5. Qd1xd4 d6 6. Nb1c3 Ng8f6 7. b3 c5 8. Qd4a4 Bc8d7 9. Bf1b5 Bf8e7 10. Bc1f4 a6 11. Bb5xd7 Qd8xd7 12. O-O-O Qd7xa4 13. bxa4 Ra8d8 14. Rh1e1 Nf6g4 15. f3 Ng4f6 16. a5 O-O 17. Nc3d5 Nf6xd5 18. Rd1xd5 h6 19. Re1d1 g5 20. Bf4xd6 Be7xd6 21. Rd5xd6 Kg8g7 22. Rd6xd8 1-0

[Event "RHP Coorespondance"]
[Date "2011.06.22"]
[EndDate "2011.08.19"]
[Round "?"]
[White "Rosen, Joshua"]
[Black "Tomasino, James"]
[WhiteRating "1042"]
[BlackRating "1785"]
[WhiteElo "1042"]
[BlackElo "1785"]
[Result "0-1"]
[GameId "8512905"]

1. e4 c5 2. Ng1f3 d6 3. d4 cxd4 4. Nf3xd4 e6 5. g3 a6 6. Bf1d3 Bf8e7 7. O-O Ng8f6 8. Nb1d2 Bc8d7 9. Nd2c4 b5 10. Nc4e3 Nb8c6 11. Nd4xc6 Bd7xc6 0-1

[Event "RHP Coorespondance"]
[Date "2011.05.05"]
[EndDate "2011.08.19"]
[Round "?"]
[White "Tomasino, James"]
[Black "McDonald, Stephen"]
[WhiteRating "1785"]
[BlackRating "1399"]
[WhiteElo "1785"]
[BlackElo "1399"]
[Result "1-0"]
[GameId "8397584"]

1. e4 e5 2. Ng1f3 Nb8c6 3. d4 Ng8f6 4. Nb1c3 Bf8b4 5. d5 d6 6. dxc6 bxc6 7. Bf1e2 O-O 8. O-O c5 9. Nc3d5 Bc8b7 10. c3 Nf6xd5 11. exd5 e4 12. Nf3g5 Bb4a5 13. Bc1e3 Bb7xd5 14. Qd1xd5 h6 15. Ng5xe4 Rf8e8 16. Be3xh6 Qd8h4 17. Be2c4 Re8e6 18. Qd5xa8 1-0

[Event "RHP Coorespondance"]
[Date "2011.04.07"]
[EndDate "2011.05.22"]
[Round "?"]
[White "pneary"]
[Black "Tomasino, James"]
[WhiteRating "1182"]
[BlackRating "1785"]
[WhiteElo "1182"]
[BlackElo "1785"]
[Result "0-1"]
[GameId "8330836"]

1. e4 e5 2. Bf1b5 Ng8f6 3. Qd1e2 g6 4. g4 c6 5. Bb5c4 d5 6. exd5 cxd5 7. Bc4b5 Nb8c6 8. h3 e4 9. d3 Qd8a5 10. Nb1c3 a6 11. Bb5xc6 bxc6 12. Bc1d2 Qa5b4 13. a3 Qb4xb2 14. Ra1b1 Qb2xa3 15. d4 c5 16. Qe2e3 Bc8e6 17. g5 Nf6h5 18. Rb1b3 Qa3a1 19. Bd2c1 cxd4 20. Rb3b1 dxe3 21. Rb1xa1 exf2 22. Ke1xf2 Bf8c5 23. Bc1e3 d4 24. Kf2e2 Be6c4 25. Ke2e1 Nh5g3 26. Rh1h2 dxe3 27. Ra1a5 Bc5b4 28. Ra5e5 Ke8d7 29. h4 Bb4xc3 30. Ke1d1 Ra8b8 31. Re5c5 Rb8b1 0-1

[Event "RHP Coorespondance"]
[Date "2011.03.12"]
[EndDate "2011.04.06"]
[Round "?"]
[White "Tomasino, James"]
[Black "pneary"]
[WhiteRating "1785"]
[BlackRating "1182"]
[WhiteElo "1785"]
[BlackElo "1182"]
[Result "1-0"]
[GameId "8261445"]

1. e4 g6 2. d4 Bf8g7 3. Ng1f3 d6 4. Nb1c3 Ng8f6 5. Bf1d3 Bc8g4 6. h3 Bg4xf3 7. Qd1xf3 O-O 8. e5 dxe5 9. dxe5 Nf6h5 10. g4 Qd8d4 11. gxh5 Qd4xe5 12. Bc1e3 c6 13. O-O-O Nb8d7 14. Rh1g1 Ra8d8 15. Rg1g5 Qe5h2 16. Be3f4 Nd7e5 17. Rg5xe5 Bg7xe5 18. Bf4xh2 Be5xh2 19. hxg6 fxg6 20. Bd3c4 Kg8g7 21. Qf3e2 Bh2f4 22. Kc1b1 b5 23. Rd1xd8 Rf8xd8 24. Qe2xe7 Kg7h6 25. Qe7xd8 Bf4e5 26. Qd8h4 Kh6g7 27. Qh4e7 Kg7h6 28. Qe7xe5 bxc4 29. h4 g5 30. Qe5xg5 1-0

[Event "Jersey Brigade 2009 Invitational"]
[Date "2011.01.01"]
[EndDate "2011.07.27"]
[Round "4"]
[White "Tomasino, James"]
[Black "Lemieux, Christopher"]
[WhiteRating "1785"]
[BlackRating "1530"]
[WhiteElo "1785"]
[BlackElo "1530"]
[Result "1-0"]
[GameId "8056561"]

1. e4 c5 2. Ng1f3 d6 3. d4 cxd4 4. Nf3xd4 Ng8f6 5. Nb1c3 a6 6. f4 e6 7. Bc1e3 Bf8e7 8. e5 dxe5 9. fxe5 Nf6d5 10. Be3f2 Nd5xc3 11. bxc3 O-O 12. Bf2e3 Qd8c7 13. Qd1d2 Qc7xe5 14. Bf1e2 b5 15. O-O Bc8b7 16. Nd4f3 Bb7xf3 17. Be2xf3 Be7c5 18. Be3xc5 Qe5xc5 19. Kg1h1 Nb8c6 20. a4 Rf8d8 21. Qd2e1 Rd8d6 22. axb5 Qc5xb5 23. c4 Qb5xc4 24. Bf3e4 g6 25. Rf1f4 Ra8b8 26. Qe1g3 e5 27. Rf4h4 Nc6b4 28. Be4xg6 Rd6xg6 29. Rh4xc4 Rg6xg3 30. hxg3 f5 31. Ra1b1 a5 32. Rc4c5 Rb8e8 33. Rc5xa5 Nb4xc2 34. Rb1b5 Kg8f7 35. Rb5xe5 Re8xe5 36. Ra5xe5 Kf7f6 37. Re5e2 Nc2d4 38. Re2d2 Nd4e6 39. Rd2f2 Kf6g5 40. Kh1h2 Kg5g4 41. Rf2e2 Ne6d4 42. Re2e7 h6 43. Re7g7 Kg4h5 44. Kh2h3 Nd4e6 45. g4 fxg4 46. Rg7xg4 Ne6g5 47. Kh3g3 Kh5g6 48. Kg3h4 Kg6f5 49. Rg4a4 Kf5g6 50. Ra4a6 Kg6h7 51. Kh4h5 Ng5f7 52. Ra6a7 Kh7g7 53. g4 Kg7f6 54. Ra7xf7 Kf6xf7 55. Kh5xh6 1-0

[Event "Clan RHP Coorespondance"]
[Date "2010.11.27"]
[EndDate "2010.12.22"]
[Round "?"]
[White "Tomasino, James"]
[Black "sbacat"]
[WhiteRating "1785"]
[BlackRating "1656"]
[WhiteElo "1785"]
[BlackElo "1656"]
[Result "1-0"]
[GameId "7962316"]

1. e4 e5 2. Ng1f3 Nb8c6 3. Bf1c4 Bf8c5 4. O-O d6 5. b4 Bc5xb4 6. c3 Bb4a5 7. d4 Bc8g4 8. d5 Bg4xf3 9. gxf3 Ba5xc3 10. Nb1xc3 Nc6d4 11. Nc3b5 Ng8h6 12. Nb5xd4 exd4 13. Qd1xd4 Qd8h4 14. Bc4b5 Ke8e7 15. Qd4xg7 Ra8g8 16. Bc1g5 Qh4xg5 17. Qg7xg5 Rg8xg5 18. Kg1h1 a6 19. Bb5d3 f6 20. Ra1c1 Ke7d8 21. a4 Nh6f7 22. Rf1g1 h6 23. f4 Rg5xg1 24. Rc1xg1 a5 25. h4 h5 26. Rg1g3 Nf7h6 27. f3 c6 28. dxc6 bxc6 29. Rg3g6 Nh6g8 30. e5 1-0

[Event "RHP Coorespondance"]
[Date "2010.10.16"]
[EndDate "2011.02.16"]
[Round "?"]
[White "Tomasino, James"]
[Black "Spotto, Daniel"]
[WhiteRating "1785"]
[BlackRating "1607"]
[WhiteElo "1785"]
[BlackElo "1607"]
[Result "1-0"]
[GameId "7846676"]

1. e4 Ng8f6 2. e5 Nf6d5 3. c4 Nd5b6 4. d4 e6 5. Ng1f3 d6 6. Bf1e2 Bf8e7 7. O-O O-O 8. Bc1e3 Nb8a6 9. Nb1d2 c5 10. dxc5 Na6xc5 11. exd6 Qd8xd6 12. b4 1-0

[Event "Jersey Brigade 2009 Invitational"]
[Date "2010.06.13"]
[EndDate "2010.06.25"]
[Round "3"]
[White "seeker50"]
[Black "Tomasino, James"]
[WhiteRating "1557"]
[BlackRating "1785"]
[WhiteElo "1557"]
[BlackElo "1785"]
[Result "0-1"]
[GameId "7517717"]

1. e4 c5 2. Ng1f3 d6 3. Bf1c4 e6 4. O-O d5 5. Bc4b5 Nb8c6 6. Bb5xc6 bxc6 7. e5 Ng8e7 8. c3 Ne7g6 9. d3 Bf8e7 10. d4 O-O 0-1

[Event "Jersey Brigade 2009 Invitational"]
[Date "2010.06.13"]
[EndDate "2010.06.25"]
[Round "3"]
[White "Tomasino, James"]
[Black "seeker50"]
[WhiteRating "1785"]
[BlackRating "1557"]
[WhiteElo "1785"]
[BlackElo "1557"]
[Result "1-0"]
[GameId "7517716"]

1. e4 e5 2. Ng1f3 Nb8c6 3. Bf1c4 Ng8f6 4. Nf3g5 d5 5. exd5 Nf6xd5 6. d4 Nc6a5 7. Qd1f3 Bc8e6 8. Ng5xe6 fxe6 9. Qf3h5 g6 10. Qh5xe5 Bf8b4 11. c3 Rh8f8 12. Qe5xe6 Nd5e7 13. cxb4 1-0

[Event "RHP Coorespondance"]
[Date "2010.03.17"]
[EndDate "2010.05.10"]
[Round "?"]
[White "Seider, Bart"]
[Black "Tomasino, James"]
[WhiteRating "978"]
[BlackRating "1785"]
[WhiteElo "978"]
[BlackElo "1785"]
[Result "0-1"]
[GameId "7265735"]

1. e3 Ng8f6 2. Nb1c3 g6 3. g3 d6 4. d4 Bf8g7 5. b3 O-O 6. Ng1f3 Nb8d7 7. Bf1h3 c6 8. Bc1d2 Nd7b6 9. O-O Bc8xh3 10. Rf1e1 Bh3g4 11. h3 Bg4xh3 12. a4 Nb6d5 13. Nc3xd5 cxd5 14. c4 Bh3g4 15. a5 Nf6e4 0-1

[Event "Clan RHP Coorespondance"]
[Date "2010.01.21"]
[EndDate "2010.03.13"]
[Round "?"]
[White "mazattack"]
[Black "Tomasino, James"]
[WhiteRating "1575"]
[BlackRating "1785"]
[WhiteElo "1575"]
[BlackElo "1785"]
[Result "0-1"]
[GameId "7101644"]

1. e4 c5 2. Ng1f3 d6 3. d4 cxd4 4. Nf3xd4 Ng8f6 5. Nb1c3 a6 6. f3 g6 7. Bc1e3 Bf8g7 8. Qd1d2 O-O 9. g4 Nb8c6 10. h4 h5 11. gxh5 Nf6xh5 12. Nd4e2 Nc6e5 13. Bf1g2 Ne5c4 14. Qd2c1 Qd8a5 0-1

[Event "Clan RHP Coorespondance"]
[Date "2010.01.21"]
[EndDate "2010.03.13"]
[Round "?"]
[White "Tomasino, James"]
[Black "mazattack"]
[WhiteRating "1785"]
[BlackRating "1575"]
[WhiteElo "1785"]
[BlackElo "1575"]
[Result "1-0"]
[GameId "7101643"]

1. e4 e5 2. Ng1f3 Ng8f6 3. Nf3xe5 d6 4. Ne5f3 Nf6xe4 5. Nb1c3 Ne4xc3 6. dxc3 Bf8e7 7. Bf1c4 O-O 8. O-O Bc8g4 9. Qd1e2 d5 10. Bc4d3 c5 11. Bd3xh7 Kg8xh7 12. Qe2d3 Kh7g8 13. Nf3e5 Bg4e6 14. f4 1-0

[Event "Ladder"]
[Date "2009.12.09"]
[EndDate "2010.01.18"]
[Round "?"]
[White "jb70"]
[Black "Tomasino, James"]
[WhiteRating "1565"]
[BlackRating "1785"]
[WhiteElo "1565"]
[BlackElo "1785"]
[Result "0-1"]
[GameId "6963663"]

1. e4 c5 2. Ng1f3 d6 3. d4 cxd4 4. Nf3xd4 Nb8c6 5. Nb1c3 Ng8f6 6. Bc1g5 e6 7. Qd1d2 Bf8e7 8. O-O-O Qd8c7 9. Nd4b5 Qc7a5 10. Nb5xd6 Be7xd6 11. Bg5xf6 Bd6f8 12. Bf6h4 f6 13. Bf1b5 Bf8b4 14. Bb5xc6 bxc6 15. f4 O-O 16. Bh4e1 Bc8a6 17. a3 Bb4xa3 18. Qd2e3 Ba3xb2 19. Kc1xb2 Ra8b8 20. Kb2c1 Qa5a1 21. Kc1d2 Rf8d8 22. Nc3d5 Qa1a4 23. Be1h4 cxd5 24. exd5 Rd8xd5 25. Kd2e1 Qa4xc2 26. Rd1xd5 Rb8b1 0-1

[Event "Ladder"]
[Date "2009.11.13"]
[EndDate "2009.12.01"]
[Round "?"]
[White "Tomasino, James"]
[Black "Kurt Stromer"]
[WhiteRating "1785"]
[BlackRating "1735"]
[WhiteElo "1785"]
[BlackElo "1735"]
[Result "1-0"]
[GameId "6888933"]

1. e4 e5 2. Ng1f3 Nb8c6 3. d4 exd4 4. Nf3xd4 Qd8f6 5. Nd4b5 Ke8d8 6. Bf1d3 Bf8c5 7. O-O Nc6e5 8. Nb5c3 d6 9. Nc3d5 Qf6g6 10. Nd5f4 Qg6f6 11. Nb1c3 c6 12. a4 g5 13. Nf4h5 Qf6g6 14. a5 Ne5xd3 15. cxd3 Ng8e7 16. d4 Bc5b4 17. f4 f6 18. f5 Qg6f7 19. e5 Ne7xf5 20. g4 Nf5g7 21. Nh5xf6 Qf7g6 22. a6 Bb4xc3 23. bxc3 d5 24. axb7 Bc8xb7 25. Qd1b3 Kd8c7 26. Ra1b1 Ra8b8 27. Qb3b4 Kc7c8 28. Qb4e7 Rh8d8 29. Bc1a3 Ng7e8 30. Qe7e6 1-0

[Event "Ladder"]
[Date "2009.11.12"]
[EndDate "2010.02.25"]
[Round "?"]
[White "Tomasino, James"]
[Black "Humph3"]
[WhiteRating "1785"]
[BlackRating "1441"]
[WhiteElo "1785"]
[BlackElo "1441"]
[Result "1-0"]
[GameId "6885847"]

1. e4 e5 2. Ng1f3 Nb8c6 3. d4 exd4 4. Nf3xd4 Ng8f6 5. Nb1c3 Bf8b4 6. Bf1e2 Bb4xc3 7. bxc3 O-O 8. Bc1g5 h6 9. Bg5xf6 Qd8xf6 10. O-O Rf8e8 11. f3 a6 12. a4 b6 13. Qd1d2 Bc8b7 14. Nd4f5 Ra8d8 15. Nf5e3 d6 16. Ne3d5 Qf6e5 17. Nd5xc7 Re8e7 18. Nc7d5 Re7e6 19. f4 Qe5xe4 20. Be2d3 Qe4xd5 21. Bd3h7 Kg8xh7 22. Qd2xd5 Nc6a5 23. Qd5d3 g6 24. f5 Bb7e4 25. fxg6 Be4xg6 26. Rf1xf7 Kh7g8 27. Rf7f5 Kg8g7 28. Qd3d4 Kg7h7 29. Rf5f6 Re6xf6 30. Qd4xf6 Na5c6 31. g4 Nc6e5 1-0

[Event "Jersey Brigade 2009 Invitational"]
[Date "2009.10.23"]
[EndDate "2009.11.27"]
[Round "1"]
[White "Tomasino, James"]
[Black "pint o guinness"]
[WhiteRating "1785"]
[BlackRating "1446"]
[WhiteElo "1785"]
[BlackElo "1446"]
[Result "1-0"]
[GameId "6824950"]

1. e4 e6 2. d4 d5 3. Qd1e2 c5 4. Ng1f3 Nb8c6 5. dxc5 Bf8xc5 6. exd5 Qd8xd5 7. Nb1c3 Qd5d7 8. Qe2c4 Bc5b4 9. Bc1d2 Ng8f6 10. O-O-O O-O 11. a3 Bb4xc3 12. Bd2xc3 Nf6d5 13. Bf1d3 h6 14. Rh1e1 Nd5xc3 15. Bd3h7 Kg8xh7 16. Rd1xd7 Bc8xd7 17. Qc4xc3 Ra8c8 18. Qc3d3 g6 19. Qd3xd7 Rc8d8 20. Qd7xb7 Rd8c8 21. Re1xe6 Nc6d8 22. Qb7xc8 Nd8xe6 23. Qc8d7 a5 24. Nf3e5 Ne6c5 25. Qd7e7 Nc5e6 26. Ne5xf7 Rf8xf7 27. Qe7xf7 Ne6g7 28. c4 h5 29. c5 Kh7h6 30. c6 Ng7f5 31. c7 Nf5h4 32. c8=Q Nh4xg2 33. Qc8e6 Ng2h4 34. Qf7f8 Kh6g5 35. f4 1-0